Movies Quiz

Random Movies or Nominee Quiz

The Struggle Is Real - Oscars Quiz Stats

 Plays Quiz Updated Jun 23, 2017

Support Sporcle.
Go Orange.
Score 0/24 Timer 06:00
0 Plays Today
% Correct
Julia Roberts
87.9%
Cuba Gooding, Jr.
87.6%
Tom Hanks
86.6%
Sandra Bullock
86.1%
Michael Douglas
85.2%
Kathy Bates
84.4%
Whoopi Goldberg
84%
Daniel Day-Lewis
82.8%
Julie Andrews
82.5%
Christian Bale
74.5%
Alan Arkin
67.4%
Rex Harrison
62.4%
% Correct
Angelina Jolie
61.6%
Catherine Zeta-Jones
60.4%
Audrey Hepburn
58.2%
F. Murray Abraham
55.1%
Hattie McDaniel
53.9%
Michael Caine
52.3%
Laurence Olivier
51.6%
Jeremy Irons
49.8%
Kate Winslet
44.2%
John Gielgud
43.4%
Ingrid Bergman
38.4%
Estelle Parsons
36.1%

You're not logged in!

Compare scores with friends on all Sporcle quizzes.
OR
Log In
Forgot?

From the Vault

One-Star Book Adaptations

by emberly13

Always read the book first.
Remove Ads.
Support Sporcle.
Get the best of Sporcle when you Go Orange. This ad-free experience offers more features, more stats, and more fun while also helping to support Sporcle. Thank you for becoming a member.

Show Comments

Extras

Top Quizzes Today


Score Distribution

Your Account Isn't Verified!

In order to create a playlist on Sporcle, you need to verify the email address you used during registration. Go to your Sporcle Settings to finish the process.

Report this User

Report this user for behavior that violates our Community Guidelines.

Details: